000 00532nam a2200181Ia 4500
008 090124s9999 xx 000 0 und d
082 _b45342
100 _aटिळक अशोक देवदत्त
245 _a टउाकरमाळ
250 _a0
260 _c2006
300 _a96+16
600 _aटिळक अशोक देवदत्त
630 _a टउाकरमाळ
700 _aटिळक अशोक देवदत्त
730 _a टउाकरमाळ
942 _cBOOK
999 _c111551
_d111551